Datum a čas kvízu
18
Celkem bodů
Celkový počet nahraných bodů na tomto kvízu bez doplňovacích otázek.
8.
Pořadí na kvízu
Konečné umístění týmu na tomto kvízu.
Zaznamenané odpovědi
| # | Otázka | Odpověď | Body | Výsledky |
|---|---|---|---|---|
| 1. | Pirátská strana minulý týden u... | 0 | ||
| 2. | Pět nenechavců ve Španělsku se... | 0 | ||
| 3. | Ve čtvrtek přišel do kin celov... | 0 | ||
| 4. | Česká pošta od 1. února zvýšil... | 1 | ||
| 5. | Výrobce oblečení Ralph Lauren... | 0 | ||
| 6. | Toto téma jste si na facebooko... | 0 | ||
| 7. | Přiřaďte k sobě správně české... | 1 | ||
| 5. | Díky speciální metodě konzerva... | 0 | ||
| 5. | Jsou-li splněny všechny ostatn... | 1 | ||
| 5. | Tenké střevo člověka se obecně... | 0 |